| 000 | 01494nam a2200409Ic 4500 | ||
|---|---|---|---|
| 001 | 58309 | ||
| 003 | CO-BoRNBP | ||
| 005 | 20250821165350.0 | ||
| 007 | ta | ||
| 008 | 180815s2015 sp a g 000 0 spa | ||
| 020 | _a9788498019735 | ||
| 040 |
_aCO-BoRNBP _bspa _erda _cCO-BoRNBP |
||
| 041 | _aspa | ||
| 082 | 0 | 4 |
_a101 _bL62c |
| 100 |
_aLoewer, Barry _eaut _962882 |
||
| 245 | 1 | 0 |
_a50 teorías filosóficas : _bintelectuales estimulantes / _cBarry Loewer ; colaboradores Julian Baggini... [y otros cuatro] ; traducción Eva María Cantenys Félez. |
| 250 | _aNueva edición | ||
| 264 | 1 |
_aBarcelona, España : _bBlume, _c2015 |
|
| 300 |
_a160 páginas : _bilustraciones a color |
||
| 336 |
_atexto _btxt _2rdacontent |
||
| 337 |
_asin mediación _bn _2rdamedia |
||
| 338 |
_avolumen _bnc _2rdacarrier |
||
| 490 | 0 | _aGuía breve | |
| 500 | _aIncluye datos biográficos de los colaboradores al final del texto y del autor en la contracubierta | ||
| 500 | _aIncluye glosario al cominzo de cada capítulo | ||
| 504 | _aIncluye bibliografía en páginas 156-157 | ||
| 521 | _aRecomendado para público adulto | ||
| 534 | _t30-seconds philosophies | ||
| 650 | 0 | 7 |
_aFilósofos _vBiografías _2lemb _962883 |
| 650 | 0 | 7 |
_aFilosofía _xFundamentos _2LEMB _962884 |
| 650 | 0 | 7 |
_aFilosofía _xHistoria _2LEMB _962885 |
| 655 |
_aBiografías _962863 |
||
| 700 |
_aBaggini, Julian _962886 |
||
| 700 |
_aBaggini, Julian _962886 |
||
| 700 |
_aCantenys Félez, Eva María _958667 |
||
| 942 |
_2ddc _cBK |
||
| 999 |
_c58309 _d58309 |
||